| 000 | 00800cab a2200241 4500 | ||
|---|---|---|---|
| 001 | WB3426-31 | ||
| 008 | 090401t1998 xxu||||| |||| 00| 0 eng d | ||
| 035 | _a(Sirsi) u87276 | ||
| 041 | _aeng | ||
| 245 | _aLondon homes | ||
| 260 | _c1998 | ||
| 350 | _a0 | ||
| 490 |
_aFinancial Times _v5 July 1998, 26(1) |
||
| 520 | _aKnight Frank`s latest London residential Review shows that the growth in prime residential property values in London slowed to 11% during the last year. Lower levels of growth are forecast for the next year. | ||
| 650 | _aHOUSE PRICES | ||
| 650 | _aKNIGHT FRANK | ||
| 650 | _aLONDON | ||
| 650 | _aPRIME RESIDENTIAL PROPERTY | ||
| 650 | _aPROPERTY VALUES | ||
| 690 | _aPROPERTY-RESIDENTIAL PROPERTY-RESIDENTIAL PROPERTY MARKET | ||
| 942 | _n0 | ||
| 948 | _c08/07/1998 | ||
| 999 |
_c55040 _d55040 |
||